00858nam a22002417a 45000010005000000030006000050050017000110080041000280200018000690400029000870820008001161000020001242450078001442500036002222600036002583000047002945050008003415200145003495210029004945210020005236500037005437000036005806993FISKH20250616162928.0250616b cb ||||| |||| 00| 0 eng d a9780545003186 aFISKHbengcFISKHdFISKH a793 aMarzollo, Jean  aI spy phonics fun /cRiddle by Jean Marzollo : Photographs by Walter Wick aFirst printing , September 2007 aNew York :bScholastic ,c2007. a16 pages :bcolor illustrations ;c19 cm . aF  aCombines easy-to-read riddles with color photographs to introduce common consonant sounds and long and short vowel sounds to new readers.3008 a300 bLexile estimate 8 aF bRaz-Plus  aHidden objectsvJuvenile Fiction aWick, Walter ePhoto Publicator